000 00756nam a2200229Ia 4500
003 GCL
008 140319s9999 xx 000 0 ara d
020 _a6015977
040 _aGCL /
_cGCL
082 0 4 _a613.2
_bإ غ
100 1 _aايزيس عازر نوار
245 1 0 _aغذاء وتغذية الانسان /
_cايزيس عازر نوار
250 _aالاولى
260 _aالقاهرة :
_bمكتبة بستان المعرفة ،
_c2004
300 _a297 ص ؛
_c24 سم
650 0 4 _aالفيتامينات
650 0 4 _aالصحة الوقائية
650 0 4 _aالاغذية - مكونات
650 0 4 _aالاغذية - الجوانب الصحية
650 0 4 _aالاغذية - مواصفات الامان
942 _2ddc
_cBK
999 _c6255
_d6255